Riadenie modelu výrobnej linky s pomocou PLC

Saved in:
Bibliographic Details
Main Author: Pavelek, Matúš (Author)
Other Authors: Mrafko, Leo (Thesis advisor)
Format: Manuscript Book
Language:Slovak
Published: 2016
Subjects:
Online Access:http://is.stuba.sk/zp/portal_zp.pl?podrobnosti=128101
Tags: Add Tag
No Tags, Be the first to tag this record!

MARC

LEADER 00000ntm a22000003a 4500
001 stuzp55187
003 SK-STU
005 20160802124727.8
007 ta
008 150427s2015----xo-----f-mn---000-0-slo-d
040 |a STU  |b slo 
041 0 |a slo 
044 |a xo 
100 1 |a Pavelek, Matúš  |u 031000  |4 aut  |U FEI Fakulta elektrotechniky a informatiky  |T FEI Ústav robotiky a kybernetiky  |X 47579  |U E011  |Y 356  |7 47579 
242 0 1 |a Production line model control using PLC  |y eng 
245 1 0 |a Riadenie modelu výrobnej linky s pomocou PLC 
260 |c 2016 
300 |a 45 s., príl.,  |b CD-ROM 
650 4 |a Operátorský Panel  |2 slo 
650 4 |a robotické rameno  |2 slo 
650 4 |a Riadenie DUDS  |2 slo 
650 4 |a PLC  |2 slo 
650 4 |a RSLogix5000  |2 slo 
650 4 |a Operator panel  |2 eng 
650 4 |a PLC  |2 eng 
650 4 |a RSLogix5000  |2 eng 
650 4 |a 3-DOF Robotic arm  |2 eng 
650 4 |a DEDS Control  |2 eng 
700 1 |a Mrafko, Leo  |u 031000  |k Z1  |4 ths  |U FEI Fakulta elektrotechniky a informatiky  |T FEI Ústav robotiky a kybernetiky  |X 4972  |U E011  |Y 356  |7 A000004972 
856 4 |u http://is.stuba.sk/zp/portal_zp.pl?podrobnosti=128101 
996 |b 284ER02108  |c E*Bc- 2108  |l EE31  |s P  |a 0  |w stuzp55187_0001 
SQL |a stuzp55187  |b DBP  |c SLO  |d Riadenie modelu výrobnej linky s pomocou PLC  |e 47579  |f Pavelek, Matúš  |g 031000  |h 4972  |i Mrafko, Leo  |j 20160706  |k 1166  |l 03  |m http://is.stuba.sk/zp/portal_zp.pl?podrobnosti=128101  |n B-RK  |o 9.2.7. kybernetika